Mongol Cities Map Quiz - Statistics

General Stats
  • This quiz has been taken 45 times
  • The average score is 3 of 19
Answers on the Map
Answers color-coded by a green-red scale on the quiz's map according to % correct below.
 
Answer Stats
Answer % Correct
Ulaanbaatar
88%
Hohhot
55%
Kyzyl
30%
Erdenet
21%
Baotou
18%
Hulunbuir
15%
Manzhouli
15%
Ordos
15%
Chifeng
12%
Darkhan
12%
Bayanhot
9%
Bayannur
9%
Tongliao
9%
Ulanhot
9%
Wuhai
9%
Ulanqab
6%
Xilinhot
3%
Zalantun
3%
Yakeshi
0%
No matching quizzes found
Score Distribution
Percent of People with Each Score
Percentile by Number Answered
Your Score History
You have not taken this quiz